000 00941nam a2200253Ia 4500
003 OSt
005 20221005104552.0
006 a|||||r|||| 00| 0
007 ta
008 221004b |||||||| |||| 00| 0 hin d
024 _a107500
037 _cTextual
040 _aCRL
_cCRL
_bhin
041 _2hin
_ahin
082 _aO1520m32,1(Q223):g, K7
100 _aनायर, के. भास्करन
245 0 _aहिन्दी और मलयालम में कृष्णभक्ति - काव्य
246 _aHindī aur malayālam mean kṛuṣhṇabhakti - kāvya
260 _aदिल्ली
_bराजपाल एण्ड सन्ज़ भारत
_c1967
300 _a337पृ0
_ccm.
650 _aहिन्दी साहित्य
942 _hO1520m32,1(Q223):g, K7
_cTEXL
_2cc
999 _c1013124
_d1013124